[Event "Christmas Tournament Bonanza KO"]
[Site "SchemingMind.com"]
[Date "2006.12.17"]
[Round "-"]
[White "Orhany24"]
[Black "cnbcad"]
[Result "1-0"]
[WhiteCountry "TUR"]
[BlackCountry "USA"]
[WhiteElo "1820"]
[WhiteRD "67"]
[BlackElo "1519"]
[BlackRD "56"]
[GameID "82436"]

1. e4 e5 2. Nf3 Nc6 3. Bc4 Bc5 4. c3 Nf6 5. d4 exd4 6. cxd4 Bb4+ 7. Bd2 Nxe4 8. Bxb4 Nxb4 9. Bxf7+ Kf8 10. Bb3 Nxf2
11. Kxf2 d5 12. Rf1 Bg4 13. Kg1 Kg8 14. a3 Nc6 15. Nc3 Ne7 16. Qd3 Nf5 17. Nxd5
1-0

[Event "Christmas Tournament Bonanza KO"]
[Site "SchemingMind.com"]
[Date "2006.12.17"]
[Round "-"]
[White "thinkfirst29"]
[Black "Ilang"]
[Result "0-1"]
[WhiteCountry "USA"]
[BlackCountry "HUN"]
[WhiteElo "1578"]
[WhiteRD "72"]
[BlackElo "2226"]
[BlackRD "71"]
[GameID "82437"]

1. e4 e5 2. Nf3 Nc6 3. Bc4 Nf6 4. Ng5 d5 5. exd5 Na5 6. Bb5+ c6 7. dxc6 bxc6 8. Be2 h6 9. Nf3 e4 10. Ne5 Bc5
11. d3 Qd4 12. O-O Qxe5 13. a3 O-O 14. g3 Bh3 15. Re1 Qd5 16. dxe4 Bxf2+
0-1

[Event "Christmas Tournament Bonanza KO"]
[Site "SchemingMind.com"]
[Date "2006.12.18"]
[Round "-"]
[White "fourluxflakes"]
[Black "macb4"]
[Result "0-1"]
[WhiteCountry "ENG"]
[BlackCountry "NED"]
[WhiteElo "1894"]
[WhiteRD "76"]
[BlackElo "2051"]
[BlackRD "102"]
[GameID "82439"]

1. e4 d6 2. d4 Nf6 3. Nc3 g6 4. f4 Bg7 5. Nf3 c5 6. Bb5+ Bd7 7. Bxd7+ Nfxd7 8. d5 b5 9. O-O b4 10. Ne2 Nb6
11. f5 N8d7 12. fxg6 hxg6 13. Ng5 Bf6 14. Qe1 Qc8 15. Bd2 Nc4 16. c3 Nde5 17. cxb4 cxb4 18. Nf3 Nd3 19. Qg3 Qc5+ 20. Kh1 Nxd2
21. Nxd2 Be5 22. Qxd3 Rxh2#
0-1

[Event "Christmas Tournament Bonanza KO"]
[Site "SchemingMind.com"]
[Date "2006.12.18"]
[Round "-"]
[White "jhobeck"]
[Black "kisei"]
[Result "0-1"]
[WhiteCountry "USA"]
[BlackCountry "HUN"]
[WhiteElo "1261"]
[WhiteRD "74"]
[BlackElo "1836"]
[BlackRD "81"]
[GameID "82440"]

1. e4 e5 2. f4 exf4 3. Nf3 d5 4. exd5 Nf6 5. Bb5+ c6 6. dxc6 Nxc6 7. d4 Bd6 8. Qe2+ Be6 9. O-O O-O 10. Bd3 Re8
11. Ng5 Bxa2 12. Qf3 Bd5 13. Qh3 h6 14. Nf3 Nb4 15. c3 Nxd3 16. Bd2 Nxb2 17. Qh4 Bxf3 18. Rxf3 Nc4 19. Bxf4 Bxf4 20. Rxf4 Qd6
21. Ra4 g5 22. Qxh6 Qxf4 23. h3 Re1#
0-1

[Event "Christmas Tournament Bonanza KO"]
[Site "SchemingMind.com"]
[Date "2006.12.17"]
[Round "-"]
[White "Alikabok"]
[Black "Zugzwang"]
[Result "1-0"]
[WhiteCountry "PHI"]
[BlackCountry "CAN"]
[WhiteElo "1841"]
[WhiteRD "144"]
[BlackElo "1490"]
[BlackRD "61"]
[GameID "82441"]

1. e4 e5 2. f4 exf4 3. Nf3 g5 4. h4 g4 5. Ne5 d6 6. Nxg4 Bxg4 7. Qxg4 Nf6 8. Qxf4 Qe7 9. Nc3 Nc6 10. d3 O-O-O
11. Bd2 d5 12. O-O-O d4 13. Nb5 Qe6 14. Qxc7#
1-0

[Event "Christmas Tournament Bonanza KO"]
[Site "SchemingMind.com"]
[Date "2006.12.17"]
[Round "-"]
[White "cnbcad"]
[Black "Orhany24"]
[Result "0-1"]
[WhiteCountry "USA"]
[BlackCountry "TUR"]
[WhiteElo "1455"]
[WhiteRD "52"]
[BlackElo "1824"]
[BlackRD "70"]
[GameID "82445"]

1. e4 c5 2. Nf3 Nc6 3. d4 cxd4 4. Nxd4 d6 5. Bb5 Bd7 6. Nxc6 bxc6 7. Bc4 e6 8. Nc3 d5 9. exd5 cxd5 10. Bb5 Nf6
11. Bg5 Be7 12. Qe2 O-O 13. Bxf6 Bxf6 14. Bd3 Bc6 15. Qh5 g6 16. Qg4 e5 17. O-O-O e4 18. Bxe4 Bxc3 19. bxc3 Qa5 20. Bd3 Qxc3
21. Bf5 Rab8 22. Qd4 Qxd4 23. Rxd4 gxf5 24. Rf4 Bd7 25. Rd1 Be6 26. a3 Rfc8 27. Ra4 Rc7 28. Rdd4 Rbc8 29. Rd2 Kg7 30. g4 fxg4
31. f4 gxf3 32. Rf4 Rc3 33. Kb2 Kg6 34. h4 h5 35. a4 a5 36. Kb1 R8c4 37. Rxc4 Rxc4
0-1

[Event "Christmas Tournament Bonanza KO"]
[Site "SchemingMind.com"]
[Date "2006.12.17"]
[Round "-"]
[White "Ilang"]
[Black "thinkfirst29"]
[Result "1-0"]
[WhiteCountry "HUN"]
[BlackCountry "USA"]
[WhiteElo "2226"]
[WhiteRD "71"]
[BlackElo "1578"]
[BlackRD "72"]
[GameID "82446"]

1. e4 c5 2. c3 e6 3. d4 cxd4 4. cxd4 Nf6 5. Nc3 Nc6 6. d5 exd5 7. exd5 Qe7+ 8. Be3 Nb4 9. a3 Na6 10. Nf3 d6
11. Bb5+ Bd7 12. O-O g6 13. Re1 Ng4 14. Bg5 f6 15. Rxe7+ Bxe7 16. Bxd7+ Kxd7 17. Qa4+ Kc7 18. Nb5+ Kb6 19. Nd2 Ne5 20. b4
1-0

[Event "Christmas Tournament Bonanza KO"]
[Site "SchemingMind.com"]
[Date "2006.12.18"]
[Round "-"]
[White "macb4"]
[Black "fourluxflakes"]
[Result "1-0"]
[WhiteCountry "NED"]
[BlackCountry "ENG"]
[WhiteElo "2051"]
[WhiteRD "102"]
[BlackElo "1894"]
[BlackRD "76"]
[GameID "82448"]

1. e4 Nf6 2. e5 Nd5 3. d4 d6 4. c4 Nb6 5. exd6 cxd6 6. Nc3 g6 7. Be3 Bg7 8. Rc1 O-O 9. b3 Nc6 10. d5 Ne5
11. Be2 f5 12. f4 Ng4 13. Bd4 Nf6 14. Nf3 e6 15. dxe6 Bxe6 16. O-O Bh6 17. Ng5 Qd7 18. Bf3 Rad8 19. Re1 Bxg5 20. fxg5 Ne4
21. Bxe4 fxe4 22. Nxe4 Bg4 23. Qc2 Bf5 24. Ba1 Rf7 25. Qb2
1-0

[Event "Christmas Tournament Bonanza KO"]
[Site "SchemingMind.com"]
[Date "2006.12.18"]
[Round "-"]
[White "kisei"]
[Black "jhobeck"]
[Result "1-0"]
[WhiteCountry "HUN"]
[BlackCountry "USA"]
[WhiteElo "1836"]
[WhiteRD "81"]
[BlackElo "1261"]
[BlackRD "74"]
[GameID "82449"]

1. e4 d5 2. exd5 Qxd5 3. Nc3 Qa5 4. d4 Nf6 5. Nf3 c6 6. Bc4 Bd7 7. Ne5 Be6 8. Bxe6 fxe6 9. O-O Qc7 10. Re1 g6
11. Bf4 Nbd7 12. Nxg6 Rg8 13. Bxc7 Rxg6 14. Rxe6 Kf7 15. Re1 Re8 16. Ne4 Nh5 17. Qxh5 Nf6 18. Nxf6 exf6 19. Qxh7+ Rg7 20. Qh5+ Rg6
21. Rxe8 Kg7 22. Rxf8
1-0

[Event "Christmas Tournament Bonanza KO"]
[Site "SchemingMind.com"]
[Date "2006.12.17"]
[Round "-"]
[White "Zugzwang"]
[Black "Alikabok"]
[Result "0-1"]
[WhiteCountry "CAN"]
[BlackCountry "PHI"]
[WhiteElo "1490"]
[WhiteRD "61"]
[BlackElo "1841"]
[BlackRD "144"]
[GameID "82450"]

1. d4 g6 2. e3 Bg7 3. Nf3 Nf6 4. Bd3 d6 5. O-O O-O 6. c3 Nbd7 7. Nbd2 c5 8. e4 cxd4 9. cxd4 a6 10. Re1 e6
11. Nf1 Re8 12. Ng3 Nf8 13. h3 b5 14. Bg5 Qb6 15. Bxf6 Bxf6 16. e5 dxe5 17. dxe5 Bg7 18. Ne4 Nd7 19. Nfg5 Nxe5 20. Rc1 Rd8
21. Re3 Bb7 22. Qb3 Nxd3 23. Rxd3 Rxd3 24. Qxd3 Bxb2 25. Rc2 Rd8 26. Nf6+ Bxf6
0-1

[Event "Christmas Tournament Bonanza KO"]
[Site "SchemingMind.com"]
[Date "2006.12.18"]
[Round "-"]
[White "spoke"]
[Black "Cruyce"]
[Result "0-1"]
[WhiteCountry "GER"]
[BlackCountry "BEL"]
[WhiteElo "1729"]
[WhiteRD "57"]
[BlackElo "2015"]
[BlackRD "77"]
[GameID "82568"]

1. d4 d5 2. c4 Nc6 3. Nc3 Nf6 4. Bf4 dxc4 5. e3 Nd5 6. Nxd5 Qxd5 7. Nf3 e5 8. Nxe5 Bb4+ 9. Ke2 Nxe5 10. Bxe5 O-O
11. Qa4 c5 12. a3 cxd4 13. Bxd4 Bc5 14. Rd1 Bd7 15. Qa5 b6 16. Qc3 Ba4 17. Rd2 Rad8 18. Ke1 Bb3 19. Bxc5 Qxc5 20. Be2 Qf5
21. Qc1 Rxd2 22. Qxd2 Qb1+ 23. Bd1 Bxd1 24. Qxd1 Qxb2 25. Qd2 Qxa3 26. Ke2 c3
0-1

[Event "Christmas Tournament Bonanza KO"]
[Site "SchemingMind.com"]
[Date "2006.12.18"]
[Round "-"]
[White "alejandroales"]
[Black "bull mccabe"]
[Result "1-0"]
[WhiteCountry "ARG"]
[BlackCountry "IRL"]
[WhiteElo "1734"]
[WhiteRD "71"]
[BlackElo "1657"]
[BlackRD "113"]
[GameID "82570"]

1. d4 d5 2. c4 e6 3. Nc3 Nf6 4. Bg5 Be7 5. Nf3 O-O 6. e3 h6 7. Bh4 b6 8. Rc1 Bb7 9. cxd5 Nxd5 10. Bxe7 Qxe7
11. Bd3 Nxc3 12. Rxc3 Nc6 13. O-O Nb4 14. Bb1 Rad8 15. a3 Nd5 16. Qd3 Nf6 17. Qc4 Bxf3 18. gxf3 Rc8 19. Rfc1 Nd5 20. Qd3 g6
21. Rc6 Rfd8 22. Qa6 Qg5+ 23. Kf1 Nxe3+ 24. fxe3 Qxe3 25. Qd3 Qxd4 26. Qxd4 Rxd4 27. Ke2 Rd7 28. Bd3
1-0

[Event "Christmas Tournament Bonanza KO"]
[Site "SchemingMind.com"]
[Date "2006.12.19"]
[Round "-"]
[White "acchessor"]
[Black "rampichino"]
[Result "1-0"]
[WhiteCountry "USA"]
[BlackCountry "ITA"]
[WhiteElo "1411"]
[WhiteRD "94"]
[BlackElo "1467"]
[BlackRD "65"]
[GameID "82572"]

1. e4 d5 2. exd5 Qxd5 3. d4 Nc6 4. Nf3 e5 5. dxe5 Qxd1+ 6. Kxd1 Bf5 7. Nc3 O-O-O+ 8. Bd2 f6 9. exf6 Nxf6 10. Bc4 Bc5
11. Rf1 Rd7 12. Rc1 Rhd8 13. a3 Bg4 14. h3 Bxf3+ 15. gxf3 Rxd2+ 16. Ke1 Ne5 17. Be2 g6 18. Ne4 Nxe4 19. fxe4 h5 20. Rg1 R8d6
21. Rg2 R2d4 22. Rd1 Kd7 23. Rxd4 Bxd4 24. c3 Bb6 25. Rg5 Ke6 26. b4 Kf6 27. Rg3
1-0

[Event "Christmas Tournament Bonanza KO"]
[Site "SchemingMind.com"]
[Date "2006.12.20"]
[Round "-"]
[White "Sjakkie"]
[Black "drunkenmaster"]
[Result "1-0"]
[WhiteCountry "NED"]
[BlackCountry "PHI"]
[WhiteElo "1350"]
[WhiteRD "86"]
[BlackElo "1329"]
[BlackRD "123"]
[GameID "82573"]

1. e4 c5 2. Nc3 Nc6 3. d3 g6 4. Nf3 Bg7 5. Be3 d6 6. Nd5 Bxb2 7. Rb1 Bg7 8. h3 e6 9. Nc3 Bxc3+ 10. Nd2 Nge7
11. Be2 Bg7 12. O-O b6 13. Nc4 d5 14. exd5 exd5 15. Na3 O-O 16. Bf4 Bb7 17. Bf3 Nd4 18. Re1 Nxf3+ 19. Qxf3 Qd7 20. Nb5 Nf5
21. Qg4 Bc6 22. Nc7 Rac8 23. Qe2
1-0

[Event "Christmas Tournament Bonanza KO"]
[Site "SchemingMind.com"]
[Date "2006.12.18"]
[Round "-"]
[White "Collecta"]
[Black "remisschieber"]
[Result "1-0"]
[WhiteCountry "BRA"]
[BlackCountry "GER"]
[WhiteElo "1840"]
[WhiteRD "185"]
[BlackElo "1825"]
[BlackRD "108"]
[GameID "82574"]

1. e4 e5 2. Nf3 Nf6 3. Nxe5 d6 4. Nf3 Nxe4 5. d4 d5 6. Bd3 Bg4 7. O-O Be7 8. h3 Bh5 9. Re1 f5 10. Bf4 O-O
11. Nbd2 Nd7 12. Qe2 c6 13. Qe3 g5 14. Bxe4 fxe4 15. Nxg5 Bxg5 16. Bxg5 Qe8 17. c4 Qf7 18. Bh6 Rfe8 19. Qg5+ Qg6 20. g4 Qxg5
21. Bxg5 Bg6 22. Rac1 Nb6 23. cxd5 Nxd5 24. h4 Nb4 25. h5 Bxh5 26. gxh5 Nd3 27. Nxe4 Nxe1 28. Rxe1 Kg7 29. f4 a5 30. f5 a4
31. f6+ Kg8 32. f7+ Kxf7 33. Nd6+
1-0

[Event "Christmas Tournament Bonanza KO"]
[Site "SchemingMind.com"]
[Date "2006.12.18"]
[Round "-"]
[White "Cruyce"]
[Black "spoke"]
[Result "1-0"]
[WhiteCountry "BEL"]
[BlackCountry "GER"]
[WhiteElo "1951"]
[WhiteRD "84"]
[BlackElo "1701"]
[BlackRD "58"]
[GameID "82578"]

1. d4 d5 2. Nf3 e6 3. g3 Nf6 4. Bg2 c5 5. O-O Nc6 6. c4 dxc4 7. Qa4 Bd7 8. Qxc4 Na5 9. Qc2 Rc8 10. Nc3 cxd4
11. Nxd4 Bb4 12. Bg5 Bc6 13. Rfd1 Qb6 14. Bxf6 Bxg2 15. Bxg7 Rg8 16. Qxh7
1-0

[Event "Christmas Tournament Bonanza KO"]
[Site "SchemingMind.com"]
[Date "2006.12.18"]
[Round "-"]
[White "bull mccabe"]
[Black "alejandroales"]
[Result "1/2-1/2"]
[WhiteCountry "IRL"]
[BlackCountry "ARG"]
[WhiteElo "1657"]
[WhiteRD "113"]
[BlackElo "1734"]
[BlackRD "71"]
[GameID "82580"]

1. e4 c5 2. Nc3 g6 3. g3 Bg7 4. Bg2 Nc6 5. Nge2 e6 6. O-O Nge7 7. d3 O-O 8. Bg5 Qb6 9. Rb1 a6 10. a3 Qc7
11. Re1 b5 12. Qd2 Bb7 13. Nd1 Rfd8 14. Ne3 f6 15. Bh4 g5 16. Bxg5 fxg5 17. Ng4 h6 18. f4 gxf4 19. Nxf4 d5 20. Nxe6 Qd7
21. Nxh6+ Kh7 22. Nf7 Rf8 23. Nxf8+ Rxf8 24. Ng5+ Kh8 25. exd5 Nd4 26. d6 Nef5 27. Bxb7 Qxb7 28. Qf4 Nxc2 29. Re7 Qd5 30. Ne6 Nxe7
31. Qh4+ Kg8 32. dxe7 Qxe6 33. exf8=Q+ Kxf8 34. Rf1+ Kg8 35. Qd8+ Kh7 36. Rf4 Qe3+ 37. Kh1 Qe1+ 38. Kg2 Qe2+ 39. Kh3 Qe6+ 40. Kg2 Qe2+
41. Kh3=
1/2-1/2

[Event "Christmas Tournament Bonanza KO"]
[Site "SchemingMind.com"]
[Date "2006.12.19"]
[Round "-"]
[White "rampichino"]
[Black "acchessor"]
[Result "1-0"]
[WhiteCountry "ITA"]
[BlackCountry "USA"]
[WhiteElo "1467"]
[WhiteRD "65"]
[BlackElo "1411"]
[BlackRD "94"]
[GameID "82582"]

1. e4 e5 2. Nf3 Nc6 3. d4 exd4 4. Nxd4 Nxd4 5. Qxd4 Nf6 6. Nc3 g6 7. Bg5 Bg7 8. e5 h6 9. Bxf6 Bxf6 10. exf6 O-O
11. O-O-O d6 12. Bc4 Re8 13. Rhe1 Be6 14. Bxe6 fxe6 15. Qh4 Rf8 16. f7+ Kg7 17. Qxd8 Raxd8 18. Rxe6 Rxf7 19. Rde1 Rxf2 20. Re7+ Kf8
21. Rxc7 Rxg2 22. Ree7 Rf2 23. Rxb7 Re8 24. Rh7
1-0

[Event "Christmas Tournament Bonanza KO"]
[Site "SchemingMind.com"]
[Date "2006.12.18"]
[Round "-"]
[White "drunkenmaster"]
[Black "Sjakkie"]
[Result "1-0"]
[WhiteCountry "PHI"]
[BlackCountry "NED"]
[WhiteElo "1628"]
[WhiteRD "208"]
[BlackElo "1377"]
[BlackRD "89"]
[GameID "82583"]

1. e4 e5 2. Nf3 Nc6 3. Bb5 f6 4. c3 a6 5. Ba4 b5 6. Bb3 Nge7 7. d4 d5 8. exd5 Nxd5 9. dxe5 Nxe5 10. Nxe5 Qe7
11. O-O fxe5 12. Qxd5 Bb7 13. Qxb7 Qd8 14. Qc6+ Ke7 15. Bg5#
1-0

[Event "Christmas Tournament Bonanza KO"]
[Site "SchemingMind.com"]
[Date "2006.12.18"]
[Round "-"]
[White "remisschieber"]
[Black "Collecta"]
[Result "1/2-1/2"]
[WhiteCountry "GER"]
[BlackCountry "BRA"]
[WhiteElo "1800"]
[WhiteRD "95"]
[BlackElo "1823"]
[BlackRD "163"]
[GameID "82584"]

1. e4 e5 2. Nf3 Nf6 3. Nxe5 d6 4. Nf3 Nxe4 5. d4 d5 6. Bd3 b6 7. c4 Bb4+ 8. Bd2 Bxd2+ 9. Nbxd2 Nxd2 10. Qxd2 Qe7+
11. Qe3 Bb7 12. Qxe7+ Kxe7 13. cxd5 Bxd5 14. Ne5 Nd7 15. O-O Nxe5 16. dxe5 Ke6 17. f4 Rad8 18. Be2 Rhe8 19. Bg4+ f5 20. Bf3 c5
21. a3 g6= 22. Kf2 Bxf3 23. Kxf3 Rd2 24. Rfd1 Rxb2 25. Rd6+ Ke7 26. Rad1 Rb3+ 27. Kf2 Kf7 28. Rf6+ Ke7 29. Rc6 Kf8 30. Rd7 Re7
31. Rc8+ Kf7 32. Rxe7+= Kxe7 33. Rc7+ Ke6 34. Rxh7 Rxa3 35. Rg7 Kd5 36. Rxg6 Ra2+ 37. Ke3 Ra3+ 38. Kd2 Ra4 39. g3 Ra2+ 40. Kd3 c4+
41. Kc3 Rxh2 42. e6 Re2 43. Rf6 Rxe6 44. Rxf5+ Kd6 45. Kxc4 Re4+=
1/2-1/2

[Event "Christmas Tournament Bonanza KO"]
[Site "SchemingMind.com"]
[Date "2006.12.19"]
[Round "-"]
[White "jtrochez1"]
[Black "francisco"]
[Result "0-1"]
[WhiteCountry "HON"]
[BlackCountry "ESP"]
[WhiteElo "1529"]
[WhiteRD "47"]
[BlackElo "1602"]
[BlackRD "75"]
[GameID "82724"]

1. e4 e6 2. d4 d5 3. exd5 exd5 4. Nf3 Nf6 5. h3 Nc6 6. a3 Bd6 7. Bg5 h6 8. Be3 Bf5 9. Nc3 Qd7 10. Bd3 Ne7
11. Qd2 c6 12. Bxf5 Nxf5 13. Ne5 Bxe5 14. Ne2 Bd6 15. Nf4 Bxf4 16. Bxf4 Ne4 17. Qd3 Nf6 18. Be5 Qe6 19. O-O-O O-O 20. g4 Nh4
21. f3 Ng6 22. h4 Nxe5 23. dxe5 Qxe5 24. Rde1 Qf4+ 25. Kb1 Rfe8 26. Reg1 Re3 27. Qd1 Qxf3 28. Qxf3 Rxf3 29. g5 hxg5 30. hxg5 Nh7
31. g6 Nf8 32. gxf7+ Rxf7 33. Rg4 Re8 34. Rgh4 Ng6 35. R4h2 Rfe7 36. Ka2 Re2 37. c3 Rxh2 38. Rxh2 Nf4 39. Rc2 g5 40. Rh2 Kg7
41. Rd2 Kg6
0-1

[Event "Christmas Tournament Bonanza KO"]
[Site "SchemingMind.com"]
[Date "2006.12.19"]
[Round "-"]
[White "calidore"]
[Black "The Stonewall"]
[Result "0-1"]
[WhiteCountry "ISR"]
[BlackCountry "ENG"]
[WhiteElo "1860"]
[WhiteRD "65"]
[BlackElo "2072"]
[BlackRD "103"]
[GameID "82725"]

1. e4 c5 2. c3 g6 3. d4 cxd4 4. cxd4 d5 5. e5 Bg7 6. Nf3 Bg4 7. Be2 Nc6 8. O-O Nh6 9. h3 Bxf3 10. Bxf3 Nf5
11. Be3 e6 12. Nc3 f6 13. Re1 fxe5 14. dxe5 d4 15. Qa4 dxe3 16. Bxc6+ bxc6 17. Qxc6+ Kf7 18. fxe3 Re8 19. Rad1 Qb6 20. Qf3 Kg8
21. Rd2 Bxe5 22. Kh1 Ng3+ 23. Kg1 Rf8 24. Qg4 Qxe3+ 25. Rxe3 Rf1+ 26. Kh2 Rh1#
0-1

[Event "Christmas Tournament Bonanza KO"]
[Site "SchemingMind.com"]
[Date "2006.12.19"]
[Round "-"]
[White "lwtjvankerkhof"]
[Black "Mariazb"]
[Result "0-1"]
[WhiteCountry "NED"]
[BlackCountry "ARG"]
[WhiteElo "1668"]
[WhiteRD "147"]
[BlackElo "2198"]
[BlackRD "71"]
[GameID "82726"]

1. e4 g6 2. d4 Bg7 3. Nf3 d6 4. Bc4 Nf6 5. Nc3 O-O 6. O-O Nxe4 7. Nxe4 d5 8. Bxd5 Qxd5 9. Nc3 Qh5 10. Ne5 Rd8
11. Qxh5 gxh5 12. Be3 Bf5 13. Nb5 Na6 14. c4 c6 15. Nc3 Nb4 16. a3 Nc2 17. Rad1 Bxe5 18. dxe5 Bd3 19. c5 Bxf1 20. Kxf1 Nxe3+
0-1

[Event "Christmas Tournament Bonanza KO"]
[Site "SchemingMind.com"]
[Date "2006.12.19"]
[Round "-"]
[White "francisco"]
[Black "jtrochez1"]
[Result "1-0"]
[WhiteCountry "ESP"]
[BlackCountry "HON"]
[WhiteElo "1602"]
[WhiteRD "75"]
[BlackElo "1529"]
[BlackRD "47"]
[GameID "82733"]

1. e4 c5 2. f4 d6 3. Nf3 Nc6 4. d4 cxd4 5. Nxd4 e6 6. Nc3 a6 7. Be3 Qb6 8. Rb1 Qc7 9. Nf3 Be7 10. Bd3 b5
11. O-O Nf6 12. Ne2 Ng4 13. Bd2 Qb6+ 14. Kh1 Bb7 15. Be1 Ne3 16. Bf2 d5 17. Bxe3 Qxe3 18. Qd2 Qxd2 19. Nxd2 O-O 20. e5 Nb4
21. a3 Nxd3 22. cxd3 Rac8 23. Rbc1 Rxc1 24. Rxc1 Rc8 25. Rxc8+ Bxc8 26. Nd4 Bb7 27. b4 h6 28. Kg1 Kh7 29. Kf2 g6 30. Ke3 Kg7
31. N2b3 Ba8 32. Na5 h5 33. Nac6 Bxc6 34. Nxc6 Kf8 35. Nb8 a5 36. bxa5 Bxa3 37. Kd4 b4 38. a6 b3 39. Kc3 Bb4+ 40. Kxb3
1-0

[Event "Christmas Tournament Bonanza KO"]
[Site "SchemingMind.com"]
[Date "2006.12.19"]
[Round "-"]
[White "The Stonewall"]
[Black "calidore"]
[Result "1-0"]
[WhiteCountry "ENG"]
[BlackCountry "ISR"]
[WhiteElo "2072"]
[WhiteRD "103"]
[BlackElo "1860"]
[BlackRD "65"]
[GameID "82734"]

1. d4 Nf6 2. Bf4 d5 3. e3 c5 4. c3 e6 5. Nd2 Nc6 6. Ngf3 Be7 7. Ne5 O-O 8. Bd3 cxd4 9. exd4 Nd7 10. Qc2 f5
11. Ndf3 Ndxe5 12. Nxe5 Nxe5 13. Bxe5 Bf6= 14. Qe2 Bd7 15. Bd6 Be7= 16. Bxe7 Qxe7 17. O-O Qg5 18. f4 Qh4 19. Rae1 Rf6 20. Qe5 Rh6
21. h3 Rg6 22. Bxf5 exf5 23. Qxd5+ Kh8 24. Qxd7 h5 25. Qxf5 Qg3 26. Qxh5+ Rh6 27. Qg4 Qd3 28. f5 Rf8 29. Re7 g6 30. Qf4 Rh7
31. Rxh7+
1-0

[Event "Christmas Tournament Bonanza KO"]
[Site "SchemingMind.com"]
[Date "2006.12.19"]
[Round "-"]
[White "Mariazb"]
[Black "lwtjvankerkhof"]
[Result "1-0"]
[WhiteCountry "ARG"]
[BlackCountry "NED"]
[WhiteElo "2198"]
[WhiteRD "71"]
[BlackElo "1668"]
[BlackRD "147"]
[GameID "82735"]

1. d4 Nf6 2. c4 e5 3. Nf3 exd4 4. Nxd4 Bb4+ 5. Bd2 Qe7 6. Nc3 O-O 7. e3 d6 8. Nd5 Bxd2+ 9. Qxd2 Nxd5 10. cxd5 c5
11. dxc6 Nxc6 12. Be2 Be6 13. O-O Rac8 14. Rfc1 Rfd8 15. Nxc6 bxc6 16. Rc3 c5 17. Rd1 f6 18. e4 Qb7 19. Rd3 Rc6 20. e5 fxe5
21. Bf3 d5 22. Bxd5 Bxd5 23. Rxd5
1-0

[Event "Christmas Tournament Bonanza KO"]
[Site "SchemingMind.com"]
[Date "2007.01.29"]
[Round "-"]
[White "The Stonewall"]
[Black "macb4"]
[Result "1/2-1/2"]
[WhiteCountry "ENG"]
[BlackCountry "NED"]
[WhiteElo "2141"]
[WhiteRD "76"]
[BlackElo "2154"]
[BlackRD "87"]
[GameID "88906"]

1. d4 Nf6 2. Bf4 g6 3. e3 d6 4. Nf3 Bg7 5. h3 O-O 6. Be2 c5 7. Nbd2 cxd4 8. exd4 Nc6 9. c3 e5 10. dxe5 dxe5
11. Nxe5 Nd5 12. Nxc6 bxc6 13. Bg3 Re8 14. O-O Bxc3 15. Qc1 Bg7 16. Bf3 Be6 17. Nc4 Bd7 18. Qd2 Re6 19. Rae1 Qe7 20. Rxe6 Bxe6
21. Ne5 Rc8 22. a3 Qb7 23. Rd1 Nb6 24. Qb4 Bd5 25. Re1 Re8 26. b3 Bf8 27. Qc3 Bxf3 28. Qxf3 Bd6 29. Qc3 Nd5 30. Qc1 Kg7
31. b4 Qc7 32. Nf3 Rxe1+= 33. Qxe1 Bxg3 34. fxg3 c5 35. Qd2 Qd6 36. Qb2+ Nf6 37. bxc5 Qxc5+ 38. Kh2 Qd6 39. Qc3=
1/2-1/2

[Event "Christmas Tournament Bonanza KO"]
[Site "SchemingMind.com"]
[Date "2007.01.29"]
[Round "-"]
[White "macb4"]
[Black "The Stonewall"]
[Result "1-0"]
[WhiteCountry "NED"]
[BlackCountry "ENG"]
[WhiteElo "2140"]
[WhiteRD "90"]
[BlackElo "2113"]
[BlackRD "85"]
[GameID "88910"]

1. e4 c5 2. Nf3 a6 3. Nc3 b5 4. d4 e6 5. d5 Bb7 6. d6 b4 7. Na4 Bxe4 8. Be3 Nc6 9. Bxc5 Qa5 10. b3 Nf6
11. Nd2 Qd8 12. a3 bxa3 13. Rxa3 Bf5 14. Be2 Nd5 15. O-O Qf6 16. Nc4 Rb8 17. Qd2 Be4 18. f3 Bg6 19. Nab6 Nf4 20. Bd1 a5
21. Re1 Qf5 22. Be3
1-0

[Event "Christmas Tournament Bonanza KO"]
[Site "SchemingMind.com"]
[Date "2007.01.28"]
[Round "-"]
[White "Alikabok"]
[Black "griffimv"]
[Result "0-1"]
[WhiteCountry "PHI"]
[BlackCountry "INT"]
[WhiteElo "1942"]
[WhiteRD "90"]
[BlackElo "2299"]
[BlackRD "74"]
[GameID "89065"]

1. e4 d6 2. d4 Nf6 3. Nc3 g6 4. f4 Bg7 5. Nf3 c5 6. Bb5+ Bd7 7. e5 Ng4 8. e6 Bxb5 9. exf7+ Kd7 10. Nxb5 Qa5+
11. Nc3 cxd4 12. Nxd4 Bxd4 13. Qxd4 Nc6 14. Qc4 Qb6 15. Qe2 h5 16. h3 Nh6 17. Bd2 Nf5 18. O-O-O Ng3 19. Qd3 Nxh1 20. Rxh1 Raf8
21. Qxg6 Nd8 22. Qf5+ e6 23. Qg6 Rxf7 24. Ne4 Kc8 25. Ng5 Rff8 26. Re1 h4 27. Nxe6 Rhg8 28. Qe4 Nxe6 29. Qxe6+ Kb8 30. Qe2 Qc6
31. Qe7 Rc8 32. Bc3 Rxg2 33. Qxh4 Qa4
0-1

[Event "Christmas Tournament Bonanza KO"]
[Site "SchemingMind.com"]
[Date "2007.01.28"]
[Round "-"]
[White "griffimv"]
[Black "Alikabok"]
[Result "1-0"]
[WhiteCountry "INT"]
[BlackCountry "PHI"]
[WhiteElo "2299"]
[WhiteRD "74"]
[BlackElo "1942"]
[BlackRD "90"]
[GameID "89068"]

1. e4 d5 2. exd5 Qxd5 3. Nc3 Qa5 4. d4 c6 5. Nf3 Bg4 6. Be2 Nf6 7. O-O e6 8. Ne5 Bxe2 9. Qxe2 Bd6 10. Bg5 Nbd7
11. f4 O-O 12. Rad1 Rfe8 13. a3 Qc7 14. Rd3 Nd5 15. Qh5 Nf8 16. Ne4 g6 17. Qh4 Be7 18. c4 Bxg5 19. fxg5
1-0

[Event "Christmas Tournament Bonanza KO"]
[Site "SchemingMind.com"]
[Date "2007.02.03"]
[Round "-"]
[White "francisco"]
[Black "rampichino"]
[Result "0-1"]
[WhiteCountry "ESP"]
[BlackCountry "ITA"]
[WhiteElo "1637"]
[WhiteRD "77"]
[BlackElo "1482"]
[BlackRD "68"]
[GameID "89380"]

1. e4 e5 2. f4 exf4 3. Nf3 g5 4. h4 g4 5. Ne5 Nf6 6. Nxg4 Nxg4 7. Qxg4 Qf6 8. Nc3 Qe6 9. Qxf4 Bd6 10. Qf5 Nc6
11. Qxe6+ fxe6 12. Nb5 Ke7 13. Nxd6 Kxd6 14. c3 b6 15. d4 a5 16. Bb5 Rg8 17. Bxc6 dxc6
0-1

[Event "Christmas Tournament Bonanza KO"]
[Site "SchemingMind.com"]
[Date "2007.02.03"]
[Round "-"]
[White "Orhany24"]
[Black "egis"]
[Result "0-1"]
[WhiteCountry "TUR"]
[BlackCountry "LTU"]
[WhiteElo "1766"]
[WhiteRD "70"]
[BlackElo "1944"]
[BlackRD "86"]
[GameID "89381"]

1. e4 c5 2. Nf3 Nc6 3. d4 cxd4 4. Nxd4 Qa5+ 5. Bd2 Qe5 6. Nxc6 bxc6 7. Nc3 e6 8. Bd3 Nf6 9. O-O Bc5 10. h3 O-O
11. Kh1 a5 12. a3 d5 13. exd5 cxd5 14. Qe2 Qd6 15. f3 Qg3 16. Be1 Qg5 17. Bf2 Bd6 18. Bg1 Bg3 19. Bh2 Bxh2 20. Kxh2 Qf4+
21. g3 Qd6 22. f4 Qc5 23. Qe5 Nd7 24. Qh5 h6 25. f5 exf5 26. Qxf5 Nf6 27. Rad1 Bxf5
0-1